[Event "CZE-chT2D 2122"]
[Site "Czech Republic"]
[Date "2021.12.05"]
[Round "4.4"]
[White "Komarek, David"]
[Black "Netusil, Jakub"]
[Result "1/2-1/2"]
[WhiteElo "2123"]
[BlackElo "1949"]
[PlyCount "67"]
[EventDate "2021.10.17"]
[EventType "team-tourn"]
[EventRounds "11"]
[EventCountry "CZE"]
[SourceTitle "EXT 2025"]
[Source "ChessBase"]
[SourceDate "2024.10.14"]
[SourceVersion "1"]
[SourceVersionDate "2024.10.14"]
[SourceQuality "1"]
[WhiteTeam "Policka Stefanydes"]
[BlackTeam "Usti nad Orlici"]
[WhiteTeamCountry "CZE"]
[BlackTeamCountry "CZE"]

1. d4 d5 2. c4 c6 3. Nc3 Nf6 4. Nf3 Bf5 5. Qb3 Qb6 6. c5 Qc7 7. Bf4 Qc8 8. h3 h6 9. e3 Nbd7 10. Qa4 e6 11. b4 a6 12. Qd1 Be7 13. Bd3 Ne4 14. Bxe4 Bxe4 15. Nxe4 dxe4 16. Nd2 f5 17. Qh5+ Kf8 18. Qg6 Nf6 19. g4 Nd5 20. Be5 Bf6 21. Bd6+ Kg8 22. gxf5 exf5 23. Rg1 Qe6 24. Rb1 Re8 25. Rb3 f4 26. Qg4 Qxg4 27. Rxg4 h5 28. Rg1 Bh4 29. Ke2 f3+ 30. Kf1 Bf6 31. Nc4 Rd8 32. Bh2 Rd7 33. Nd6 Re7 34. Nc8 1/2-1/2

[Event "CZE-chT2D 2122"]
[Site "Czech Republic"]
[Date "2021.11.07"]
[Round "2.4"]
[White "Komarek, David"]
[Black "Pokorny, Tomas"]
[Result "1/2-1/2"]
[WhiteElo "2123"]
[BlackElo "2229"]
[PlyCount "53"]
[EventDate "2021.10.17"]
[EventType "team-tourn"]
[EventRounds "11"]
[EventCountry "CZE"]
[SourceTitle "EXT 2025"]
[Source "ChessBase"]
[SourceDate "2024.10.14"]
[SourceVersion "1"]
[SourceVersionDate "2024.10.14"]
[SourceQuality "1"]
[WhiteTeam "Policka Stefanydes"]
[BlackTeam "Lanskroun"]
[WhiteTeamCountry "CZE"]
[BlackTeamCountry "CZE"]

1. d4 d5 2. c4 e6 3. Nc3 Nf6 4. Nf3 Nbd7 5. cxd5 exd5 6. Qb3 c6 7. Bg5 Be7 8. e3 0-0 9. Bd3 b6 10. 0-0 Bb7 11. Rfd1 h6 12. Bh4 Re8 13. Rac1 Ne4 14. Bxe7 Qxe7 15. Bxe4 dxe4 16. Nd2 Nf6 17. Nf1 g6 18. a3 Kg7 19. Qc2 Ba6 20. Qa4 Qb7 21. b4 Bd3 22. Ng3 Rac8 23. Qb3 h5 24. Nge2 Nd5 25. Re1 Qd7 26. a4 Kg8 27. Nxd5 1/2-1/2

[Event "CZE-chT2D 1920"]
[Site "Czech Republic"]
[Date "2020.01.26"]
[Round "7.2"]
[White "Cechura, Petr"]
[Black "Komarek, David"]
[Result "1/2-1/2"]
[WhiteElo "2214"]
[BlackElo "2132"]
[PlyCount "28"]
[EventDate "2019.10.13"]
[EventType "team-tourn"]
[EventRounds "11"]
[EventCountry "CZE"]
[SourceTitle "EXT 2024"]
[Source "ChessBase"]
[SourceDate "2023.10.10"]
[SourceVersion "1"]
[SourceVersionDate "2023.10.10"]
[SourceQuality "1"]
[WhiteTeam "Nachod Snezka"]
[BlackTeam "Policka Stefanydes"]
[WhiteTeamCountry "CZE"]
[BlackTeamCountry "CZE"]

1. e4 e6 2. d3 d5 3. Nd2 c5 4. Ngf3 Nc6 5. g3 Bd6 6. Bg2 Nge7 7. 0-0 Qc7 8. Re1 d4 9. Nc4 e5 10. a4 f6 11. Nh4 Be6 12. Nxd6+ Qxd6 13. f4 0-0-0 14. Nf3 Kb8 1/2-1/2

[Event "CZE-chT2D 1718"]
[Site "Czech Republic"]
[Date "2018.03.18"]
[Round "10.2"]
[White "Komarek, David"]
[Black "Jedlicka, Ales"]
[Result "0-1"]
[WhiteElo "2156"]
[BlackElo "2198"]
[PlyCount "62"]
[EventDate "2017.10.15"]
[EventType "team-tourn"]
[EventRounds "11"]
[EventCountry "CZE"]
[SourceTitle "EXT 2022"]
[Source "ChessBase"]
[SourceDate "2021.10.06"]
[SourceVersion "1"]
[SourceVersionDate "2021.10.06"]
[SourceQuality "1"]
[WhiteTeam "Policka Stefanydes"]
[BlackTeam "Polabiny III"]
[WhiteTeamCountry "CZE"]
[BlackTeamCountry "CZE"]

1. Nf3 Nf6 2. d4 e6 3. Bg5 c5 4. c3 cxd4 5. Nxd4 Be7 6. Nd2 d5 7. e3 0-0 8. N2f3 Nc6 9. Be2 Ne4 10. Bxe7 Qxe7 11. 0-0 e5 12. Nxc6 bxc6 13. Qa4 Bd7 14. Rad1 Rab8 15. Qc2 Bf5 16. Bd3 Bg6 17. Nd2 f5 18. Nxe4 dxe4 19. Bc4+ Kh8 20. Qd2 f4 21. b4 Bh5 22. Qd6 Qg5 23. exf4 exf4 24. Rd4 Bf3 25. g3 Rbe8 26. Re1 fxg3 27. fxg3 Qh5 28. Qxc6 e3 29. Qb5 Re5 30. Qd7 e2 31. Rd3 Bg4 0-1

[Event "CZE-chT2D 1617"]
[Site "Czech Republic"]
[Date "2016.11.27"]
[Round "4.2"]
[White "Komarek, David"]
[Black "Bukacek, Lubomir"]
[Result "1-0"]
[WhiteElo "2166"]
[BlackElo "2113"]
[PlyCount "71"]
[EventDate "2016.10.09"]
[EventType "team-tourn"]
[EventRounds "11"]
[EventCountry "CZE"]
[SourceTitle "EXT 2022"]
[Source "ChessBase"]
[SourceDate "2021.10.06"]
[SourceVersion "1"]
[SourceVersionDate "2021.10.06"]
[SourceQuality "1"]
[WhiteTeam "Policka Stefanydes"]
[BlackTeam "Zdar nad Sazavou"]
[WhiteTeamCountry "CZE"]
[BlackTeamCountry "CZE"]

1. d4 Nf6 2. Nf3 e6 3. Bg5 d5 4. e3 c5 5. Be2 Qb6 6. Qc1 Ne4 7. Bf4 Nc6 8. c3 Be7 9. Nbd2 f5 10. Nxe4 fxe4 11. Ne5 0-0 12. 0-0 Nxe5 13. Bxe5 Bd6 14. Bxd6 Qxd6 15. dxc5 Qe5 16. Qd2 Rf6 17. f4 exf3 18. Rxf3 Rxf3 19. Bxf3 Bd7 20. c4 Bc6 21. cxd5 exd5 22. Rd1 Rd8 23. Qd4 Qg5 24. e4 Rf8 25. exd5 Bb5 26. Kf2 h5 27. Re1 h4 28. Re4 Qc1 29. Rxh4 Qf1+ 30. Kg3 Qe1+ 31. Kh3 Qf1 32. Bg4 Rf6 33. Be6+ Kf8 34. Qe3 g5 35. Rh8+ Kg7 36. Qxg5+ 1-0

[Event "CZE-chT1E 1516"]
[Site "Czech Republic"]
[Date "2016.01.31"]
[Round "7.4"]
[White "Zabystrzan, Pavel"]
[Black "Komarek, David"]
[Result "1/2-1/2"]
[WhiteElo "2305"]
[BlackElo "2142"]
[PlyCount "53"]
[EventDate "2015.10.11"]
[EventType "team-tourn"]
[EventRounds "11"]
[EventCountry "CZE"]
[SourceTitle "CBM 170 Extra"]
[Source "ChessBase"]
[SourceDate "2016.02.25"]
[SourceVersion "1"]
[SourceVersionDate "2016.02.25"]
[SourceQuality "1"]
[WhiteTeam "Orlova Slavia"]
[BlackTeam "Policka"]
[WhiteTeamCountry "CZE"]
[BlackTeamCountry "CZE"]

1. Nf3 d5 2. g3 Nf6 3. Bg2 c6 4. b3 Nbd7 5. Bb2 Qc7 6. c4 e5 7. cxd5 cxd5 8. 0-0 Be7 9. Qc1 Qxc1 10. Rxc1 e4 11. Nd4 Nc5 12. Nc3 a6 13. b4 Ne6 14. Na4 Bd7 15. Nb6 Rd8 16. Nxd7 Kxd7 17. a3 Rc8 18. Bh3 Rhd8 19. d3 Rxc1+ 20. Rxc1 exd3 21. exd3 Bf8 22. Re1 Re8 23. Kf1 Ng8 24. Nf3 Nh6 25. Ng5 f5 26. Nxh7 Nf7 27. f4 1/2-1/2

[Event "CZE-chT1E 1516"]
[Site "Czech Republic"]
[Date "2015.12.13"]
[Round "5.4"]
[White "Komarek, David"]
[Black "Kratochvil, Josef"]
[Result "1/2-1/2"]
[WhiteElo "2142"]
[BlackElo "2243"]
[PlyCount "46"]
[EventDate "2015.10.11"]
[EventType "team-tourn"]
[EventRounds "11"]
[EventCountry "CZE"]
[SourceTitle "EXT 2017"]
[Source "ChessBase"]
[SourceDate "2016.10.25"]
[SourceVersion "1"]
[SourceVersionDate "2016.10.25"]
[SourceQuality "1"]
[WhiteTeam "Policka"]
[BlackTeam "Brno Lokomotiva"]
[WhiteTeamCountry "CZE"]
[BlackTeamCountry "CZE"]

1. d4 Nf6 2. c4 c5 3. d5 e6 4. Nc3 exd5 5. cxd5 d6 6. e4 g6 7. f3 Bg7 8. Bd3 0-0 9. Nge2 Nbd7 10. 0-0 a6 11. a4 b6 12. Bf4 Qc7 13. Rc1 Rb8 14. b4 Ne5 15. Be3 Re8 16. Na2 Nxd5 17. exd5 Nxd3 18. Qxd3 Bf5 19. Qd2 Qe7 20. Kf2 Qh4+ 21. Kg1 Qe7 22. Kf2 Qh4+ 23. Kg1 Qe7 1/2-1/2

[Event "CZE-chT2D 1415"]
[Site "Czech Republic"]
[Date "2015.04.19"]
[Round "11.3"]
[White "Komarek, David"]
[Black "Nemec, Zbynek"]
[Result "0-1"]
[WhiteElo "2147"]
[BlackElo "2215"]
[PlyCount "52"]
[EventDate "2014.11.02"]
[EventType "team-tourn"]
[EventRounds "11"]
[EventCountry "CZE"]
[SourceTitle "EXT 2022"]
[Source "ChessBase"]
[SourceDate "2021.10.06"]
[SourceVersion "1"]
[SourceVersionDate "2021.10.06"]
[SourceQuality "1"]
[WhiteTeam "Policka Stefanydes"]
[BlackTeam "Hradec Kralove II"]
[WhiteTeamCountry "CZE"]
[BlackTeamCountry "CZE"]

1. d4 f5 2. g3 Nf6 3. Bg2 g6 4. c4 Bg7 5. Nc3 0-0 6. Nh3 Nc6 7. 0-0 Rb8 8. f3 d6 9. Nf2 a6 10. Rb1 Kh8 11. e3 b5 12. cxb5 axb5 13. b4 Bd7 14. Qd3 e5 15. d5 Ne7 16. e4 c6 17. dxc6 Bxc6 18. Rd1 d5 19. exd5 Nexd5 20. a4 bxa4 21. b5 Nxc3 22. Qxc3 Bd5 23. Bg5 Qd6 24. b6 Qe6 25. Rb5 Bb3 26. Re1 Nd5 0-1

[Event "CZE-chT2D 1415"]
[Site "Czech Republic"]
[Date "2015.03.29"]
[Round "10.3"]
[White "Nemec, Pavel"]
[Black "Komarek, David"]
[Result "1/2-1/2"]
[WhiteElo "2265"]
[BlackElo "2147"]
[PlyCount "26"]
[EventDate "2014.11.02"]
[EventType "team-tourn"]
[EventRounds "11"]
[EventCountry "CZE"]
[SourceTitle "EXT 2022"]
[Source "ChessBase"]
[SourceDate "2021.10.06"]
[SourceVersion "1"]
[SourceVersionDate "2021.10.06"]
[SourceQuality "1"]
[WhiteTeam "Vysoke Myto"]
[BlackTeam "Policka Stefanydes"]
[WhiteTeamCountry "CZE"]
[BlackTeamCountry "CZE"]

1. c4 f5 2. Nc3 Nf6 3. Nf3 g6 4. g3 Bg7 5. Bg2 0-0 6. 0-0 d6 7. d4 Qe8 8. d5 c6 9. Nd4 e5 10. dxe6 Bxe6 11. Nxe6 Qxe6 12. Qb3 Rf7 13. e3 Na6 1/2-1/2

[Event "CZE-chT2D 1415"]
[Site "Czech Republic"]
[Date "2015.02.08"]
[Round "7.2"]
[White "Valenta, Vit"]
[Black "Komarek, David"]
[Result "1-0"]
[WhiteElo "2163"]
[BlackElo "2147"]
[PlyCount "75"]
[EventDate "2014.11.02"]
[EventType "team-tourn"]
[EventRounds "11"]
[EventCountry "CZE"]
[SourceTitle "EXT 2022"]
[Source "ChessBase"]
[SourceDate "2021.10.06"]
[SourceVersion "1"]
[SourceVersionDate "2021.10.06"]
[SourceQuality "1"]
[WhiteTeam "Velke Losiny"]
[BlackTeam "Policka Stefanydes"]
[WhiteTeamCountry "CZE"]
[BlackTeamCountry "CZE"]

1. e4 e6 2. d4 d5 3. Nc3 Bb4 4. a3 Bxc3+ 5. bxc3 Nf6 6. e5 Nfd7 7. Qg4 Kf8 8. a4 c5 9. Nf3 c4 10. Ba3+ Kg8 11. Ng5 Qe8 12. Be2 Nc6 13. 0-0 h6 14. Nh3 f5 15. exf6 Nxf6 16. Qf3 Qg6 17. Rac1 Ne4 18. Nf4 Qf7 19. Qe3 Nxc3 20. Bh5 Qf6 21. Ng6 Nxa4 22. Nxh8 Kxh8 23. c3 Bd7 24. f4 b5 25. Bd6 a5 26. Bd1 Nb6 27. Bc7 Nc8 28. Be5 Qf7 29. f5 Nxe5 30. fxe6 Qxe6 31. Rf8+ Kh7 32. dxe5 Qb6 33. Bc2+ g6 34. Kf2 Kg7 35. Qxb6 Nxb6 36. Rxa8 Nxa8 37. Ra1 a4 38. Ke3 1-0

[Event "CZE-chT2D 1415"]
[Site "Czech Republic"]
[Date "2014.11.02"]
[Round "1.2"]
[White "Kratky, Josef"]
[Black "Komarek, David"]
[Result "0-1"]
[WhiteElo "2006"]
[BlackElo "2147"]
[PlyCount "134"]
[EventDate "2014.11.02"]
[EventType "team-tourn"]
[EventRounds "11"]
[EventCountry "CZE"]
[SourceTitle "EXT 2022"]
[Source "ChessBase"]
[SourceDate "2021.10.06"]
[SourceVersion "1"]
[SourceVersionDate "2021.10.06"]
[SourceQuality "1"]
[WhiteTeam "Policka Stefanydes II"]
[BlackTeam "Policka Stefanydes"]
[WhiteTeamCountry "CZE"]
[BlackTeamCountry "CZE"]

1. Nf3 d5 2. c4 c6 3. g3 dxc4 4. Bg2 Nd7 5. Qc2 Nb6 6. a4 a5 7. Na3 Nf6 8. Nxc4 Nxc4 9. Qxc4 Be6 10. Qc2 Qb6 11. d3 Bb3 12. Be3 Qb4+ 13. Qd2 Nd5 14. Nd4 e5 15. Nxb3 Nxe3 16. fxe3 Qxb3 17. 0-0 Bb4 18. Qc1 0-0 19. Rf5 Rae8 20. Rf1 g6 21. Rd1 Kg7 22. Bf3 f5 23. Kh1 Re7 24. Qb1 h5 25. Qa2 Qxa2 26. Rxa2 e4 27. Bg2 exd3 28. Rxd3 Rfe8 29. Ra1 Rxe3 30. Rxe3 Rxe3 31. Bf3 Rb3 32. Rd1 Be7 33. Rd2 Kf6 34. Kg2 Rb4 35. e4 fxe4 36. Bd1 e3 37. Rc2 Rd4 38. Be2 Bb4 39. Kf3 Bd2 40. Rc4 Ke5 41. b3 Rxc4 42. Bxc4 g5 43. Bf7 h4 44. gxh4 gxh4 45. Ke2 Kd4 46. Be6 Kc3 47. Bf7 b5 48. Kd1 bxa4 49. bxa4 Kb4 50. Be8 Kxa4 51. Kc2 Kb4 52. Bxc6 Bc3 53. Kd3 Bd4 54. Kc2 a4 55. Bd5 a3 56. Be6 Kc5 57. Kd3 Kd6 58. Bc4 Ke5 59. Ke2 Ke4 60. Be6 Bc5 61. h3 Kf4 62. Bd5 Kg3 63. Be6 Bb6 64. Kf1 Ba5 65. Ke2 Bd2 66. Kf1 Kh2 67. Ke2 Kg2 0-1

[Event "CZE-chT2D 1314"]
[Site "Czech Republic"]
[Date "2014.04.06"]
[Round "11.2"]
[White "Komarek, David"]
[Black "Kourek, Josef"]
[Result "1-0"]
[WhiteElo "2148"]
[BlackElo "2121"]
[PlyCount "63"]
[EventDate "2013.11.03"]
[EventType "team-tourn"]
[EventRounds "11"]
[EventCountry "CZE"]
[SourceTitle "EXT 2016"]
[Source "ChessBase"]
[SourceDate "2015.10.08"]
[SourceVersion "1"]
[SourceVersionDate "2015.10.08"]
[SourceQuality "1"]
[WhiteTeam "Policka"]
[BlackTeam "Polabiny II"]
[WhiteTeamCountry "CZE"]
[BlackTeamCountry "CZE"]

1. d4 Nf6 2. c4 g6 3. Nc3 Bg7 4. e4 d6 5. f3 0-0 6. Be3 e5 7. d5 Nh5 8. Qd2 Qh4+ 9. Bf2 Qe7 10. g3 f5 11. exf5 gxf5 12. Nge2 a5 13. Bg2 Na6 14. 0-0 Bd7 15. Rae1 Rae8 16. h3 f4 17. g4 Nf6 18. Bh4 Qf7 19. Bxf6 Bxf6 20. Ne4 b6 21. N2c3 Bh4 22. Rc1 Kh8 23. a3 Rg8 24. Nb5 Nc5 25. Nxc5 dxc5 26. Nxc7 Bxg4 27. fxg4 Qxc7 28. d6 Qd7 29. Rcd1 h5 30. Qc3 Qg7 31. Rd5 Bg3 32. d7 1-0

[Event "CZE-chT2D 1314"]
[Site "Czech Republic"]
[Date "2014.02.02"]
[Round "7.2"]
[White "Komarek, David"]
[Black "Varejcko, Josef"]
[Result "1/2-1/2"]
[WhiteElo "2148"]
[BlackElo "2188"]
[PlyCount "87"]
[EventDate "2013.11.03"]
[EventType "team-tourn"]
[EventRounds "11"]
[EventCountry "CZE"]
[SourceTitle "EXT 2016"]
[Source "ChessBase"]
[SourceDate "2015.10.08"]
[SourceVersion "1"]
[SourceVersionDate "2015.10.08"]
[SourceQuality "1"]
[WhiteTeam "Policka"]
[BlackTeam "Lipa"]
[WhiteTeamCountry "CZE"]
[BlackTeamCountry "CZE"]

1. d4 c5 2. e3 b6 3. Nf3 Bb7 4. Be2 Nf6 5. c4 cxd4 6. exd4 d5 7. b3 g6 8. 0-0 Bg7 9. Bb2 0-0 10. Nc3 Nc6 11. Rc1 e6 12. Ba3 Re8 13. Nb5 Ne4 14. cxd5 exd5 15. Nc3 Rc8 16. Bb5 Nxc3 17. Rxc3 Re4 18. Bxc6 Rxc6 19. Rxc6 Bxc6 20. Re1 Qe8 21. Rxe4 dxe4 22. Ne5 Bxe5 23. dxe5 Qxe5 24. Qd8+ Qe8 25. Qf6 Qe6 26. Qxe6 fxe6 27. Bd6 Bd5 28. g3 Kf7 29. Kf1 Kf6 30. h4 e3 31. fxe3 Kf5 32. Kf2 h5 33. Bb8 a6 34. Bc7 b5 35. b4 Bxa2 36. Bd8 Ke4 37. Bc7 Bd5 38. Bb6 Kd3 39. Bc7 Kc3 40. Ba5 e5 41. Ke1 Kd3 42. Kf2 Be6 43. Bc7 Bf5 44. Bb6 1/2-1/2

[Event "CZE-chT2D 1314"]
[Site "Czech Republic"]
[Date "2013.12.01"]
[Round "3.2"]
[White "Trhal, Tomas"]
[Black "Komarek, David"]
[Result "0-1"]
[WhiteElo "2157"]
[BlackElo "2148"]
[PlyCount "78"]
[EventDate "2013.11.03"]
[EventType "team-tourn"]
[EventRounds "11"]
[EventCountry "CZE"]
[SourceTitle "EXT 2016"]
[Source "ChessBase"]
[SourceDate "2015.10.08"]
[SourceVersion "1"]
[SourceVersionDate "2015.10.08"]
[SourceQuality "1"]
[WhiteTeam "Vysoke Myto"]
[BlackTeam "Policka"]
[WhiteTeamCountry "CZE"]
[BlackTeamCountry "CZE"]

1. e4 e6 2. d4 d5 3. Nd2 dxe4 4. Nxe4 Nd7 5. Nf3 Ngf6 6. Nxf6+ Nxf6 7. Bd3 Be7 8. 0-0 0-0 9. Ne5 c5 10. dxc5 Bxc5 11. Bg5 Bd4 12. Bxf6 Qxf6 13. Bxh7+ Kxh7 14. Qxd4 Rd8 15. Qe4+ Kg8 16. Rad1 Rd5 17. Rxd5 exd5 18. Qxd5 Be6 19. Qxb7 Rc8 20. Nc6 Kh7 21. c3 Qg5 22. Nb4 a5 23. h4 Qf5 24. Na6 Bd5 25. Qb6 Bxg2 26. Kxg2 Qg4+ 27. Kh2 Qxh4+ 28. Kg2 Qg4+ 29. Kh2 Rh8 30. Qb8 Rxb8 31. Nxb8 Qf4+ 32. Kg2 Qxb8 33. b3 Qe5 34. Rh1+ Kg6 35. Rh3 Qe4+ 36. Kg1 f5 37. Re3 Qb1+ 38. Kg2 Qxa2 39. c4 Qc2 0-1

[Event "CZE-chT1E 1314"]
[Site "Czech Republic"]
[Date "2013.11.24"]
[Round "3.7"]
[White "Nepomucky, Ondrej"]
[Black "Komarek, David"]
[Result "1/2-1/2"]
[WhiteElo "2269"]
[BlackElo "2148"]
[PlyCount "28"]
[EventDate "2013.10.20"]
[EventType "team-tourn"]
[EventRounds "11"]
[EventCountry "CZE"]
[SourceTitle "EXT 2015"]
[Source "ChessBase"]
[SourceDate "2014.11.20"]
[SourceVersion "1"]
[SourceVersionDate "2014.11.20"]
[SourceQuality "1"]
[WhiteTeam "Brno Duras"]
[BlackTeam "Chrudim"]
[WhiteTeamCountry "CZE"]
[BlackTeamCountry "CZE"]

1. e4 e6 2. d4 d5 3. exd5 exd5 4. Bd3 Bd6 5. Ne2 Qf6 6. Nbc3 c6 7. Be3 Bf5 8. Ng3 Bxd3 9. Qxd3 Ne7 10. 0-0-0 Nd7 11. Nh5 Qg6 12. Qxg6 hxg6 13. Ng3 Nf5 14. Nxf5 gxf5 1/2-1/2

[Event "CZE-chT2D 1314"]
[Site "Czech Republic"]
[Date "2013.11.17"]
[Round "2.2"]
[White "Komarek, David"]
[Black "Mozny, Milos"]
[Result "1/2-1/2"]
[WhiteElo "2148"]
[BlackElo "2339"]
[PlyCount "34"]
[EventDate "2013.11.03"]
[EventType "team-tourn"]
[EventRounds "11"]
[EventCountry "CZE"]
[SourceTitle "EXT 2016"]
[Source "ChessBase"]
[SourceDate "2015.10.08"]
[SourceVersion "1"]
[SourceVersionDate "2015.10.08"]
[SourceQuality "1"]
[WhiteTeam "Policka"]
[BlackTeam "Hradec Kralove II"]
[WhiteTeamCountry "CZE"]
[BlackTeamCountry "CZE"]

1. d4 d5 2. Nf3 Bf5 3. Bf4 e6 4. e3 Ne7 5. Bd3 Bxd3 6. Qxd3 Ng6 7. 0-0 c6 8. Bg3 Bd6 9. Nc3 f5 10. Ne2 0-0 11. Nf4 Nxf4 12. Bxf4 Qc7 13. Ng5 Re8 14. Qe2 g6 15. Bxd6 Qxd6 16. f4 Nd7 17. Nf3 Nf6 1/2-1/2

[Event "CZE-chT2D 1314"]
[Site "Czech Republic"]
[Date "2013.11.03"]
[Round "1.2"]
[White "Sabuk, Piotr"]
[Black "Komarek, David"]
[Result "1-0"]
[WhiteElo "2300"]
[BlackElo "2148"]
[PlyCount "91"]
[EventDate "2013.11.03"]
[EventType "team-tourn"]
[EventRounds "11"]
[EventCountry "CZE"]
[SourceTitle "EXT 2016"]
[Source "ChessBase"]
[SourceDate "2015.10.08"]
[SourceVersion "1"]
[SourceVersionDate "2015.10.08"]
[SourceQuality "1"]
[WhiteTeam "Rychnov nad Kneznou"]
[BlackTeam "Policka"]
[WhiteTeamCountry "CZE"]
[BlackTeamCountry "CZE"]

1. d4 d5 2. c4 c6 3. Nf3 Nf6 4. Nc3 a6 5. a4 g6 6. Bf4 Bg7 7. h3 0-0 8. a5 Nbd7 9. e3 e6 10. Be2 Qe7 11. 0-0 Ne4 12. Na4 dxc4 13. Qc2 Nd6 14. Ne5 f6 15. Nxc4 Nxc4 16. Bxc4 Kh8 17. Bc7 Re8 18. e4 f5 19. e5 c5 20. Bd6 Qh4 21. dxc5 Bxe5 22. Bxe5+ Nxe5 23. Qc3 Qf6 24. Nb6 Rb8 25. f4 Nd7 26. Qxf6+ Nxf6 27. Rad1 Ne4 28. b4 Kg8 29. Rd3 Kf7 30. Rfd1 Nf6 31. Kf2 Ke7 32. Kf3 h5 33. g3 Kf7 34. Bb3 Ke7 35. Rd6 Kf7 36. Ba4 Rf8 37. Bb3 Re8 38. Ba4 Rf8 39. Rd8 Nd5 40. Rxf8+ Kxf8 41. Nxd5 exd5 42. Rxd5 Be6 43. Rd6 Bf7 44. Ke3 Rc8 45. Kd4 Ke7 46. Rd7+ 1-0

[Event "CZE-chT2D 1112"]
[Site "Czech Republic"]
[Date "2011.11.20"]
[Round "3"]
[White "Komarek, David"]
[Black "Hurt, Lukas"]
[Result "1-0"]
[WhiteElo "2136"]
[BlackElo "2115"]
[PlyCount "69"]
[EventDate "2011.10.09"]
[EventType "team-tourn"]
[EventRounds "11"]
[EventCountry "CZE"]
[SourceTitle "EXT 2013"]
[Source "ChessBase"]
[SourceDate "2012.11.22"]
[SourceVersion "1"]
[SourceVersionDate "2012.11.22"]
[SourceQuality "1"]
[WhiteTeam "Chrudim"]
[BlackTeam "Usti nad Orlici"]
[WhiteTeamCountry "CZE"]
[BlackTeamCountry "CZE"]

1. d4 Nf6 2. c4 g6 3. Nc3 Bg7 4. e4 d6 5. f3 0-0 6. Bg5 c5 7. d5 h6 8. Be3 e5 9. Bd3 Nh5 10. Nge2 f5 11. Qd2 Na6 12. Bxh6 Qh4+ 13. g3 Nxg3 14. Bg5 Bh6 15. Bxh4 Bxd2+ 16. Kxd2 Nxh1 17. Rxh1 Rf7 18. Nb5 Rh7 19. Bg5 Rh3 20. Ng1 Rh7 21. Nxd6 Nb4 22. Bb1 Rd7 23. Nxc8 Rxc8 24. a3 Nc6 25. exf5 b5 26. fxg6 bxc4 27. Be4 Rb8 28. Kc3 Na5 29. Ne2 Rb3+ 30. Kc2 Rdb7 31. Rb1 c3 32. Nxc3 Nc4 33. d6 Rxb2+ 34. Rxb2 Rxb2+ 35. Kc1 1-0

[Event "CZE-chT rap"]
[Site "Pardubice"]
[Date "2011.07.15"]
[Round "3"]
[White "Hrabal, Michal"]
[Black "Komarek, David"]
[Result "1/2-1/2"]
[WhiteElo "2045"]
[BlackElo "2129"]
[PlyCount "109"]
[EventDate "2011.07.14"]
[EventType "team-swiss"]
[EventRounds "7"]
[EventCountry "CZE"]
[SourceTitle "CBM 143 Extra"]
[Source "ChessBase"]
[SourceDate "2011.08.29"]
[SourceVersion "1"]
[SourceVersionDate "2011.08.29"]
[SourceQuality "1"]

1. e4 e6 2. d3 d5 3. Nd2 c5 4. Ngf3 Bd6 5. g3 Ne7 6. Bg2 Nbc6 7. 0-0 0-0 8. Re1 Qc7 9. Qe2 f6 10. c3 d4 11. Nc4 e5 12. Nh4 Be6 13. Nxd6 Qxd6 14. f4 dxc3 15. bxc3 Rad8 16. Bf1 c4 17. dxc4 Na5 18. Qf2 b6 19. c5 Qxc5 20. Qxc5 bxc5 21. Be3 Rc8 22. Red1 Rc7 23. Nf3 Nc4 24. Bf2 exf4 25. gxf4 Nb6 26. Rd6 Bg4 27. Kg2 Nec8 28. Rd2 Re8 29. Re1 Be6 30. Red1 Bd7 31. e5 f5 32. Bh4 h6 33. Kf2 Kf8 34. Ne1 Ba4 35. Rb1 Ne7 36. Bxe7+ Kxe7 37. Ng2 Rd8 38. Rxd8 Kxd8 39. Ne3 Rd7 40. Ke1 g5 41. Rb2 gxf4 42. Nxf5 Rd1+ 43. Kf2 Rd5 44. Nd6 Ke7 45. Re2 f3 46. Re1 Bc6 47. Nf5+ Ke8 48. Bh3 Rd2+ 49. Kg3 Nc4 50. e6 f2 51. Rf1 Rd3+ 52. Kh4 Rd2 53. Kg3 Rd3+ 54. Kh4 Rd2 55. Kg3 1/2-1/2